Converta nota musical ALFABETICA em nota musical SILABICA - Statistics

Estatísticas Gerais
  • Esse quiz foi jogado 143 vezes
  • A pontuação média é 7 de 7
Estatísticas das Respostas
Hint Resposta % Correto
G Sol
99%
F
97%
D
97%
C
96%
E Mi
96%
B
96%
A
94%
Nenhum quiz correspondente encontrado
Distribuição das Pontuações
Porcentagem de Pessoas com Cada Pontuação
Percentil de Números Respondidos
Sua Pontuação Histórica
Você não jogou esse quiz